<?xml version="1.0" encoding="UTF-8"?>
<record
    xmlns:xsi="http://www.w3.org/2001/XMLSchema-instance"
    xsi:schemaLocation="http://www.loc.gov/MARC21/slim http://www.loc.gov/standards/marcxml/schema/MARC21slim.xsd"
    xmlns="http://www.loc.gov/MARC21/slim">

  <leader>01174nam a2200301 i 4500</leader>
  <controlfield tag="001">193675</controlfield>
  <controlfield tag="003">ES-MaACL</controlfield>
  <controlfield tag="005">20240207140309.0</controlfield>
  <controlfield tag="007">ta</controlfield>
  <controlfield tag="008">240205s1909    fr a   fre    000 0 fre d</controlfield>
  <datafield tag="040" ind1=" " ind2=" ">
    <subfield code="a">ABES</subfield>
    <subfield code="b">fre</subfield>
    <subfield code="e">AFNOR</subfield>
    <subfield code="c">ES-MaACL</subfield>
  </datafield>
  <datafield tag="080" ind1=" " ind2=" ">
    <subfield code="2">621.3:537</subfield>
  </datafield>
  <datafield tag="100" ind1="0" ind2=" ">
    <subfield code="a">Vigneron, Eug&#xE9;ne</subfield>
    <subfield code="9">114648</subfield>
    <subfield code="e">aut</subfield>
  </datafield>
  <datafield tag="245" ind1="1" ind2="0">
    <subfield code="a">Le courant &#xE9;lectrique /</subfield>
    <subfield code="c">par Eug. Vigneron ...</subfield>
  </datafield>
  <datafield tag="264" ind1=" " ind2="1">
    <subfield code="a">Paris :</subfield>
    <subfield code="b">Librairie des Sciences et de l'Industrie :</subfield>
    <subfield code="b">L.Geisler, imprimeur-&#xE9;diteur,</subfield>
    <subfield code="c">1909.</subfield>
  </datafield>
  <datafield tag="300" ind1=" " ind2=" ">
    <subfield code="a">XXII, 112 p&#xE1;ginas : </subfield>
    <subfield code="b">ilustraciones (blanco y negro), diagramas ;</subfield>
    <subfield code="c">25 cm.</subfield>
  </datafield>
  <datafield tag="336" ind1=" " ind2=" ">
    <subfield code="b">txt</subfield>
    <subfield code="2">rdacontent</subfield>
    <subfield code="a">Texto</subfield>
  </datafield>
  <datafield tag="337" ind1=" " ind2=" ">
    <subfield code="b">n</subfield>
    <subfield code="2">rdamedia</subfield>
    <subfield code="a">sin mediaci&#xF3;n</subfield>
  </datafield>
  <datafield tag="337" ind1=" " ind2=" ">
    <subfield code="b">n</subfield>
    <subfield code="2">isbdmedia</subfield>
    <subfield code="a">sin mediaci&#xF3;n</subfield>
  </datafield>
  <datafield tag="338" ind1=" " ind2=" ">
    <subfield code="b">nga</subfield>
    <subfield code="2">RDAfrCarrier</subfield>
    <subfield code="a">volumen</subfield>
  </datafield>
  <datafield tag="490" ind1="1" ind2=" ">
    <subfield code="a">Encyclop&#xE9;die &#xE9;lectrotechnique ;</subfield>
    <subfield code="v">2e Fascicule</subfield>
  </datafield>
  <datafield tag="650" ind1=" " ind2="4">
    <subfield code="a">Electrotecnia</subfield>
    <subfield code="9">12169</subfield>
  </datafield>
  <datafield tag="830" ind1=" " ind2=" ">
    <subfield code="a">Encyclop&#xE9;die &#xE9;lectrotechnique </subfield>
    <subfield code="9">235039</subfield>
    <subfield code="v">2</subfield>
  </datafield>
  <datafield tag="852" ind1=" " ind2=" ">
    <subfield code="a">ES-MaACL</subfield>
    <subfield code="b">R.M.8230</subfield>
    <subfield code="c">SVI</subfield>
    <subfield code="j">D-8684</subfield>
    <subfield code="f">Sello en tinta en portada: "Ateneo de Madrid. Biblioteca"</subfield>
    <subfield code="9">201196 </subfield>
  </datafield>
  <datafield tag="942" ind1=" " ind2=" ">
    <subfield code="n">0</subfield>
    <subfield code="c">MONOGRAFIA</subfield>
  </datafield>
  <datafield tag="999" ind1=" " ind2=" ">
    <subfield code="c">193675</subfield>
    <subfield code="d">193675</subfield>
  </datafield>
  <datafield tag="952" ind1=" " ind2=" ">
    <subfield code="0">0</subfield>
    <subfield code="1">0</subfield>
    <subfield code="2">udc</subfield>
    <subfield code="4">0</subfield>
    <subfield code="7">0</subfield>
    <subfield code="a">ATENEOM</subfield>
    <subfield code="b">ATENEOM</subfield>
    <subfield code="c">SVI</subfield>
    <subfield code="d">2024-02-05</subfield>
    <subfield code="i">R.M.8230</subfield>
    <subfield code="l">0</subfield>
    <subfield code="o">D-8684</subfield>
    <subfield code="p">101206594</subfield>
    <subfield code="r">2024-02-05 00:00:00</subfield>
    <subfield code="w">2024-02-05</subfield>
    <subfield code="y">MONOGRAFIA</subfield>
  </datafield>
</record>
